| 000 | 00845nam a2200253 a 4500 | ||
|---|---|---|---|
| 001 | 67766 | ||
| 003 | BD-RjUL | ||
| 005 | 20211209081706.0 | ||
| 008 | 170328s1981 njua b 000 0 eng | ||
| 020 | _a0809119706 (pbk.) | ||
| 035 | _a(BD-RjUL)67975 | ||
| 040 |
_aDLC _cDLC _dDLC _dBD-RjUL _beng |
||
| 041 | _aeng | ||
| 082 | 0 | 0 |
_223 _a174.2 _bBIO 1981 |
| 245 | 0 | 0 |
_aBioethics : _bbasic writings on the key ethical questions that surround the major, modern biological possibilities and problems / _cedited by Thomas A. Shannon. |
| 250 | _aRev. | ||
| 260 |
_aRamsey, N.J. : _bPaulist Press, _cc1981. |
||
| 300 |
_ax, 632 p. : _bill. ; _c23 cm. |
||
| 504 | _aIncludes bibliographies. | ||
| 650 | 0 |
_aMedical ethics. _9138947 |
|
| 650 | 0 |
_aBioethics. _9200900 |
|
| 700 | 1 |
_aShannon, Thomas A. _q(Thomas Anthony), _d1940- _9200901 |
|
| 942 |
_2ddc _cBK |
||
| 999 |
_c67766 _d67766 |
||